000 00508nam a22001817a 4500
005 20251108173707.0
008 250721s2006 xx 000 0 ara d
082 1 4 _a218.51/حصر
100 1 _aحصري، أحمد محمود
245 1 0 _aما قل ودل /
264 1 _aدمشق :
_bمكتبة الفنون الجميلة،
_c2006.
300 _a2 جزء
650 1 7 _aالوعظ
650 1 7 _aالارشاد
650 1 7 _aالاخلاق الاسلاميه
942 _2ddc
_cBK
999 _c110111
_d110111